000 00367nam a2200157Ia 4500
003 IT-RoPAU
008 120407s9999 xx 000 0 und d
040 _aIT-RoPAU
040 _cIT-RoPAU
100 _aMario Masini
245 _aIl servo del Signore. Lectio divina dei carmi del profeta Isaia
260 _aPaoline
300 _c cm
490 _v1
942 _cBK
999 _c9283
_d9283